Missing Word: Britney Spears Songs Quiz Stats

 Plays Quiz Updated Jan 30, 2014

Challenge
Share
Tweet
Embed
Score 0/20 Timer 03:00
1 Play Today
Britney Spears Song Missing Word % Correct
I Love Rock and ______Roll
95.4%
______… I Did It AgainOops
94.6%
I'm Not A _____, Not Yet A WomanGirl
93.7%
Baby _____ More TimeOne
91.8%
(_____ Drive Me) CrazyYou
91.7%
Till The ______ EndsWorld
91.3%
Don't ______ Me WaitingKeep
85.3%
Heaven On ______Earth
79.3%
______ The IceBreak
75%
I'm A ______ 4 USlave
70.9%
Britney Spears Song Missing Word % Correct
If U _____ AmySeek
54.4%
_____ I RollHow
52.1%
Me Against the _______Music
46.8%
Lace and _______Leather
41.9%
_______ MoreGimme
37.2%
Kill the _______ Lights
27.5%
______ Of My HandTouch
23.3%
Over To You _____Now
20.8%
_______ OutInside
11.3%
_______ For MeTrouble
10.1%

Today's Daily Dose

You're not logged in!

Compare scores with friends on all Sporcle quizzes.
Join for Free
OR
Log In

You Might Also Like...

Show Comments

Extras

Top Quizzes Today


Score Distribution

Your Account Isn't Verified!

In order to create a playlist on Sporcle, you need to verify the email address you used during registration. Go to your Sporcle Settings to finish the process.

Report this User

Report this user for behavior that violates our Community Guidelines.

Details: